[Event "ODJM B 2025"]
[Site "Willingen GER"]
[Date "2025.06.14"]
[Round "9"]
[White "Menke, Xaver Louis"]
[Black "Jüngling, Leonard"]
[Result "0-1"]
[Termination "normal"]
[Board "66"]
[WhiteElo "1631"]
[BlackElo "1522"]
[WhiteClock "01:05:57"]
[BlackClock "00:47:58"]
[PlyCount "62"]
[WhiteFideId "34663134"]
[BlackFideId "34669116"]
[EventCountry "GER"]
[EventRounds "9"]
[EventType "swiss"]
[EventDate "2025.06.07"]

1. e4 {[%clk 01:30:58]} {[%emt 00:00:02]} e5 {[%clk 01:30:57]} {[%emt
00:00:03]} 2. Nf3 {[%clk 01:31:22]} {[%emt 00:00:06]} Nc6 {[%clk 01:31:24]}
{[%emt 00:00:04]} 3. Bc4 {[%clk 01:31:40]} {[%emt 00:00:12]} Bc5 {[%clk
01:31:50]} {[%emt 00:00:04]} 4. d3 {[%clk 01:32:02]} {[%emt 00:00:08]} a6
{[%clk 01:31:46]} {[%emt 00:00:34]} 5. c3 {[%clk 01:32:10]} {[%emt 00:00:22]}
Nf6 {[%clk 01:31:46]} {[%emt 00:00:30]} 6. O-O {[%clk 01:32:10]} {[%emt
00:00:29]} O-O {[%clk 01:31:36]} {[%emt 00:00:41]} 7. Be3 {[%clk 01:32:06]}
{[%emt 00:00:33]} Ba7 {[%clk 01:31:28]} {[%emt 00:00:40]} 8. Bxa7 {[%clk
01:32:19]} {[%emt 00:00:17]} Rxa7 {[%clk 01:31:44]} {[%emt 00:00:14]} 9. Nbd2
{[%clk 01:32:16]} {[%emt 00:00:32]} d6 {[%clk 01:30:48]} {[%emt 00:01:27]} 10.
h3 {[%clk 01:29:37]} {[%emt 00:03:08]} Be6 {[%clk 01:29:06]} {[%emt 00:02:13]}
11. Re1 {[%clk 01:29:05]} {[%emt 00:01:01]} Re8 {[%clk 01:25:10]} {[%emt
00:04:27]} 12. a4 {[%clk 01:27:06]} {[%emt 00:02:29]} d5 {[%clk 01:16:38]}
{[%emt 00:09:02]} 13. exd5 {[%clk 01:27:19]} {[%emt 00:00:17]} Bxd5 {[%clk
01:17:01]} {[%emt 00:00:07]} 14. Bxd5 {[%clk 01:27:15]} {[%emt 00:00:33]} Nxd5
{[%clk 01:17:11]} {[%emt 00:00:20]} 15. Nc4 {[%clk 01:26:37]} {[%emt 00:01:08]}
f6 {[%clk 01:16:19]} {[%emt 00:01:22]} 16. Ne3 {[%clk 01:23:57]} {[%emt
00:03:10]} Nxe3 {[%clk 01:15:59]} {[%emt 00:00:50]} 17. Rxe3 {[%clk 01:23:21]}
{[%emt 00:01:06]} Kh8 {[%clk 01:10:44]} {[%emt 00:05:45]} 18. Nh4 {[%clk
01:20:35]} {[%emt 00:03:15]} Re7 {[%clk 01:05:58]} {[%emt 00:05:17]} 19. Qh5
{[%clk 01:19:54]} {[%emt 00:01:10]} Qe8 {[%clk 01:05:27]} {[%emt 00:01:02]} 20.
Qxe8+ {[%clk 01:16:57]} {[%emt 00:03:26]} Rxe8 {[%clk 01:04:41]} {[%emt
00:01:16]} 21. g4 {[%clk 01:14:33]} {[%emt 00:02:54]} Raa8 {[%clk 01:04:22]}
{[%emt 00:00:50]} 22. Rae1 {[%clk 01:13:46]} {[%emt 00:01:15]} Red8 {[%clk
01:03:33]} {[%emt 00:01:22]} 23. Rd1 {[%clk 01:12:16]} {[%emt 00:02:00]} Rd7
{[%clk 01:03:27]} {[%emt 00:00:36]} 24. Nf3 {[%clk 01:10:45]} {[%emt 00:02:00]}
Rad8 {[%clk 01:03:36]} {[%emt 00:00:21]} 25. d4 {[%clk 01:10:14]} {[%emt
00:01:02]} Kg8 {[%clk 01:02:59]} {[%emt 00:01:07]} 26. Kf1 {[%clk 01:08:27]}
{[%emt 00:02:16]} Kf7 {[%emt 00:01:50]} 27. Ke2 {[%clk 01:06:39]} {[%emt
00:02:17]} exd4 {[%clk 00:58:33]} {[%emt 00:03:38]} 28. Red3 {[%clk 01:05:56]}
{[%emt 00:01:13]} Re7+ {[%clk 00:47:47]} {[%emt 00:11:16]} 29. Kf1 {[%clk
01:05:50]} {[%emt 00:00:34]} dxc3 {[%clk 00:47:06]} {[%emt 00:01:13]} 30. Rxd8
{[%clk 01:05:52]} {[%emt 00:00:28]} Nxd8 {[%clk 00:47:31]} {[%emt 00:00:04]}
31. Rxd8 {[%clk 01:05:57]} {[%emt 00:00:26]} c2 {[%clk 00:47:58]} {[%emt
00:00:03]} 0-1

[Event "ODJM B 2025"]
[Site "Willingen GER"]
[Date "2025.06.14"]
[Round "9"]
[White "Hendler, Maximilian"]
[Black "Meller, Nils"]
[Result "1-0"]
[Termination "normal"]
[Board "67"]
[WhiteElo "1555"]
[BlackElo "1433"]
[WhiteClock "00:38:49"]
[BlackClock "00:33:06"]
[PlyCount "75"]
[WhiteFideId "34616500"]
[BlackFideId "34644962"]
[EventCountry "GER"]
[EventRounds "9"]
[EventType "swiss"]
[EventDate "2025.06.07"]

1. e4 {[%clk 01:30:56]} {[%emt 00:00:03]} e5 {[%clk 01:30:46]} {[%emt
00:00:14]} 2. Nf3 {[%clk 01:31:21]} {[%emt 00:00:06]} Nc6 {[%clk 01:31:04]}
{[%emt 00:00:12]} 3. Bc4 {[%clk 01:31:43]} {[%emt 00:00:07]} Bc5 {[%clk
01:31:08]} {[%emt 00:00:26]} 4. c3 {[%clk 01:32:04]} {[%emt 00:00:10]} Nf6
{[%clk 01:30:56]} {[%emt 00:00:41]} 5. d4 {[%clk 01:32:20]} {[%emt 00:00:16]}
exd4 {[%clk 01:29:58]} {[%emt 00:01:27]} 6. e5 {[%clk 01:32:42]} {[%emt
00:00:08]} d5 {[%clk 01:27:44]} {[%emt 00:02:43]} 7. Bb5 {[%clk 01:33:03]}
{[%emt 00:00:10]} Ne4 {[%clk 01:26:28]} {[%emt 00:01:45]} 8. cxd4 {[%clk
01:33:21]} {[%emt 00:00:13]} Bb6 {[%clk 01:24:05]} {[%emt 00:02:52]} 9. Nc3
{[%clk 01:33:20]} {[%emt 00:00:32]} Bf5 {[%clk 01:19:14]} {[%emt 00:05:14]} 10.
O-O {[%clk 01:28:01]} {[%emt 00:05:56]} O-O {[%clk 01:17:50]} {[%emt 00:01:54]}
11. Be3 {[%clk 01:17:03]} {[%emt 00:11:28]} Qd7 {[%clk 01:13:14]} {[%emt
00:05:05]} 12. Nh4 {[%clk 01:14:33]} {[%emt 00:03:01]} Nxc3 {[%clk 01:10:54]}
{[%emt 00:02:49]} 13. bxc3 {[%clk 01:14:26]} {[%emt 00:00:38]} Be6 {[%emt
00:07:11]} 14. f4 {[%clk 01:08:54]} f5 {[%clk 00:59:37]} {[%emt 00:11:06]} 15.
Bd3 {[%clk 01:04:35]} {[%emt 00:04:50]} Rac8 {[%clk 00:56:50]} {[%emt
00:03:14]} 16. Qh5 {[%clk 00:57:31]} {[%emt 00:07:35]} Qf7 {[%clk 00:53:18]}
{[%emt 00:03:59]} 17. Qxf7+ {[%clk 00:53:59]} {[%emt 00:04:05]} Rxf7 {[%clk
00:51:31]} {[%emt 00:02:17]} 18. g4 {[%clk 00:49:16]} {[%emt 00:05:13]} g6
{[%clk 00:48:31]} {[%emt 00:03:24]} 19. gxf5 {[%clk 00:48:20]} {[%emt
00:01:32]} gxf5 {[%clk 00:46:44]} {[%emt 00:02:06]} 20. Kf2 {[%clk 00:47:42]}
{[%emt 00:01:19]} Ne7 {[%clk 00:44:45]} {[%emt 00:02:29]} 21. Rg1+ {[%clk
00:47:30]} {[%emt 00:00:42]} Rg7 {[%clk 00:43:44]} {[%emt 00:01:31]} 22. Rxg7+
{[%clk 00:46:52]} {[%emt 00:01:08]} Kxg7 {[%clk 00:44:05]} {[%emt 00:00:09]}
23. Rg1+ {[%clk 00:47:14]} {[%emt 00:00:08]} Kf7 {[%clk 00:44:01]} {[%emt
00:00:30]} 24. Rg5 {[%clk 00:46:43]} {[%emt 00:01:04]} Rg8 {[%clk 00:43:48]}
{[%emt 00:00:40]} 25. Rh5 {[%clk 00:45:22]} {[%emt 00:01:55]} Rg7 {[%clk
00:43:28]} {[%emt 00:00:49]} 26. Nxf5 {[%clk 00:44:58]} {[%emt 00:00:55]} Nxf5
{[%clk 00:43:23]} {[%emt 00:00:34]} 27. Bxf5 {[%clk 00:45:15]} {[%emt
00:00:13]} Bxf5 {[%clk 00:43:26]} {[%emt 00:00:27]} 28. Rxf5+ {[%clk 00:45:40]}
{[%emt 00:00:06]} Ke7 {[%clk 00:43:30]} {[%emt 00:00:23]} 29. Bc1 {[%clk
00:45:07]} {[%emt 00:01:05]} Ba5 {[%clk 00:40:20]} {[%emt 00:03:41]} 30. Ba3+
{[%clk 00:45:22]} {[%emt 00:00:15]} Kd7 {[%clk 00:39:19]} {[%emt 00:01:27]} 31.
Bb4 {[%clk 00:45:00]} {[%emt 00:00:56]} Bxb4 {[%clk 00:36:40]} {[%emt
00:03:08]} 32. cxb4 {[%clk 00:44:12]} {[%emt 00:01:18]} Ke7 {[%clk 00:37:00]}
{[%emt 00:00:10]} 33. Rh5 {[%clk 00:43:47]} {[%emt 00:00:55]} b6 {[%clk
00:35:21]} {[%emt 00:02:09]} 34. b5 {[%clk 00:42:23]} {[%emt 00:01:54]} Kd7
{[%clk 00:34:30]} {[%emt 00:01:18]} 35. Rh6 {[%clk 00:41:45]} {[%emt 00:01:10]}
Ke7 {[%clk 00:34:18]} {[%emt 00:00:41]} 36. h3 {[%clk 00:41:38]} {[%emt
00:00:37]} Kd7 {[%clk 00:33:54]} {[%emt 00:00:54]} 37. f5 {[%clk 00:41:36]}
{[%emt 00:00:33]} Ke8 {[%clk 00:33:06]} {[%emt 00:01:17]} 38. f6 {[%clk
00:38:49]} {[%emt 00:03:17]} 1-0